|
|
|
|
| LEADER |
00000nam0a2200000 4500 |
| 001 |
231830 |
| 005 |
20231101231122.0 |
| 035 |
|
|
|a (RuTPU)RU\TPU\book\252856
|
| 090 |
|
|
|a 231830
|
| 100 |
|
|
|a 20130206d1954 k y0rusy50 ca
|
| 101 |
0 |
|
|a rus
|
| 102 |
|
|
|a RU
|
| 105 |
|
|
|a a z 001zy
|
| 200 |
1 |
|
|a Аллювиальные отложения в угленосной толще среднего карбона Донбасса
|f Академия наук СССР (АН СССР), Институт геологических наук (ИГН); под ред. Ю. А. Жемчужникова
|
| 210 |
|
|
|a Москва
|c Изд-во АН СССР
|d 1954
|
| 215 |
|
|
|a 296 с.
|c ил.
|
| 225 |
1 |
|
|a Труды института геологических наук
|v Вып. 151
|
| 225 |
1 |
|
|a Угольная серия
|v № 5
|
| 300 |
|
|
|a С 1956 г. см. Труды геологического института и Труды института геологии рудных месторождений, петрографии, минералогии и геохимии.
|
| 317 |
|
|
|5 63413507: КР-937
|a Поступила в НТБ в 2004 г. в составе книжного собрания профессора ТПИ К. В. Радугина.
|
| 320 |
|
|
|a Библиогр.: с. 294-295.
|
| 606 |
1 |
|
|a Аллювиальные отложения
|x (стратиграфия)
|2 stltpush
|3 (RuTPU)RU\TPU\subj\1794
|9 30473
|
| 610 |
1 |
|
|a Донбасс
|
| 610 |
1 |
|
|a средний карбон
|
| 610 |
1 |
|
|a аллювиальные отложения
|
| 610 |
1 |
|
|a текстуры
|
| 610 |
1 |
|
|a изучение
|
| 610 |
1 |
|
|a залегание
|
| 610 |
1 |
|
|a размывы
|
| 610 |
1 |
|
|a песчаные толщи
|
| 610 |
1 |
|
|a строение
|
| 610 |
1 |
|
|a формирование
|
| 610 |
1 |
|
|a аллювий
|
| 610 |
1 |
|
|a образование
|
| 610 |
1 |
|
|a библиотека К. В. Радугина
|
| 675 |
|
|
|a 551.79
|v 3
|
| 702 |
|
1 |
|a Жемчужников
|b Ю. А.
|4 340
|
| 712 |
0 |
2 |
|a Академия наук СССР (АН СССР)
|b Институт геологических наук (ИГН)
|c (Ленинград/Москва)
|2 stltpush
|3 (RuTPU)RU\TPU\col\15163
|
| 801 |
|
1 |
|a RU
|b 63413507
|c 20130206
|
| 801 |
|
2 |
|a RU
|b 63413507
|c 20180918
|g RCR
|
| 942 |
|
|
|c BK
|